La revolución mexicana / (Record no. 26742)

MARC details
000 -LEADER
fixed length control field 00615nam a22001937a 4500
005 - DATE AND TIME OF LATEST TRANSACTION
control field 20160225114320.0
008 - FIXED-LENGTH DATA ELEMENTS--GENERAL INFORMATION
fixed length control field 111027t mx ||||| |||| 00| 0 spa d
020 ## - INTERNATIONAL STANDARD BOOK NUMBER
International Standard Book Number 9786074210767
050 04 - LIBRARY OF CONGRESS CALL NUMBER
Classification number F1234
Item number M58 2009
100 1# - MAIN ENTRY--PERSONAL NAME
Personal name Meyer, Jean
245 13 - TITLE STATEMENT
Title La revolución mexicana /
Statement of responsibility, etc Jean Meyer ; tr. Héctor Pérez-Rincón G.
250 ## - EDITION STATEMENT
Edition statement 3a ed.
260 ## - PUBLICATION, DISTRIBUTION, ETC. (IMPRINT)
Place of publication, distribution, etc México :
Name of publisher, distributor, etc Tiempo de memoria tus quest,
Date of publication, distribution, etc 2009
300 ## - PHYSICAL DESCRIPTION
Extent 339 p. ;
Dimensions 23 cm.
500 ## - GENERAL NOTE
General note Traducción de : la revolution mexicaine
650 #7 - SUBJECT ADDED ENTRY--TOPICAL TERM
Source of heading or term LEMB
Topical term or geographic name as entry element Revolución
General subdivision Historia
Geographic subdivision México
700 1# - ADDED ENTRY--PERSONAL NAME
Personal name Pérez-Rincon G., Hector
Relator term tr.
942 ## - ADDED ENTRY ELEMENTS (KOHA)
Source of classification or shelving scheme Biblioteca del Cogreso de los Estados Unidos
Koha item type Libro
Holdings
Estado de pérdida Fuente de clasificación Estado del daño No para préstamo Ubicación permanente Ubicación actual Apartado o colección Fecha de adquisición Clasificación Código de Barras Date last seen Tipo de recurso Nota pública
  Biblioteca del Cogreso de los Estados Unidos     Biblioteca de la Unidad de Ciencias Ingeniería y Humanidades Biblioteca de la Unidad de Ciencias Ingeniería y Humanidades General 27/10/2011 F1234 M58 2009 BCU000015145 16/01/2015 Libro Romero